Kendrick Lamar - Top 25 najczęściej odtwarzanych piosenek - Statystyki

Ogólne statystyki
  • Ten quiz został rozwiązany 55 razy
  • Średni wynik to 17 z 25
Statystyki odpowiedzi
Hint Odpowiedź % Poprawnych
DAMN. HUMBLE.
98%
GNX tv off
93%
Black Pather The Album All The Stars
91%
GNX luther
91%
Singiel (Diss) Not Like Us
89%
good kid, m.A.A.d city Money Trees
86%
DAMN. PRIDE.
84%
DAMN. DNA.
82%
DAMN. LOVE.
82%
good kid, m.A.A.d city m.A.A.d city
80%
To Pimp A Butterfly Alright
77%
Singiel Swimming Pools (Drank)
68%
good kid, m.A.A.d city Swimming Pools (Drank) - Extended Version
68%
good kid, m.A.A.d city Bitch, Don't Kill My Vibe
64%
Singiel (Diss) euphoria
64%
Mr. Morale & The Big Steppers N95
61%
To Pimp A Butterfly King Kunta
59%
GNX squabble up
59%
Section.80 A.D.H.D
57%
good kid, m.A.A.d city Poetic Justice
55%
DAMN. LOYALTY.
50%
Mr. Morale & The Big Steppers United In Grief
50%
DAMN. ELEMENT.
48%
good kid, m.A.A.d city Backseat Freestyle
43%
Mr. Morale & The Big Steppers Die Hard
36%
Nie znaleziono quizów pasujących do podanych kryteriów
Rozkład punktacji
Procent ludzi z każdym wynikiem
Percentyl według liczby udzielonych odpowiedzi
Twoja historia wyników
Nie rozwiązałeś tego quizu